City planning in Sweden.

Bibliographic Details
Main Author: Åström, Kell, 1920-
Corporate Author: Svenska institutet för kulturellt utbyte med utlandet
Format: Book
Language:English
Published: Stockholm : Svenska institutet, 1967.
Edition:Revised ed.
Series:Sweden books.
Subjects:

MARC

Tag First Indicator Second Indicator Subfields
LEADER 00000cam a22000001 4500
001 in00000186021
005 20151009052644.0
008 710608s1967 sw a b 00000 eng
010 |a  68112718  
015 |a S68-13 
035 |a (OCoLC)00463457 
035 |9 AAW1510AM 
037 |c 12.50 
040 |a DLC  |c DLC  |d TXA  |d UtOrBLW 
043 |a e-sw--- 
049 |a TXAM  |c [801722] 
050 0 0 |a NA9221  |b .A613 
082 0 |a 711/.4/09485 
100 1 |a Åström, Kell,  |d 1920- 
240 1 0 |a Svensk stadsplanering. English 
245 1 0 |a City planning in Sweden. 
250 |a Revised ed.  |b of Svensk stadsplanering. [Publ. by] the Swedish institute for cultural relations with foreign countries. 
264 1 |a Stockholm :  |b Svenska institutet,  |c 1967. 
300 |a 159, (3) pages :  |b illustrations ;  |c 21 cm. 
336 |a text  |b txt  |2 rdacontent 
337 |a unmediated  |b n  |2 rdamedia 
338 |a volume  |b nc  |2 rdacarrier 
490 1 |a Sweden books 
504 |a Bibliography: pages [161]-[162]. 
650 0 |a City planning  |z Sweden. 
710 2 |a Svenska institutet för kulturellt utbyte med utlandet. 
830 0 |a Sweden books. 
999 |a MARS 
999 f f |s 92a328fe-631f-35f4-b959-2d923f0ed02a  |i b10d7dbf-5fff-3805-b665-97e17202b598  |t 0 
952 f f |p ric  |a Texas A&M University  |b Rellis Campus  |c Joint Library Facility  |d Remote Storage  |t 0  |e NA9221 .A613  |h Library of Congress classification  |i unmediated -- volume  |m A14803452986 
998 f f |a NA9221 .A613  |t 0  |l Remote Storage